Manda quem pode, obedece quem tem prejuz̕o

Detalles Bibliográficos
Autor principal: Gonzaga Belluzzo, Luiz
Otros Autores: Galp̕olo, Gabriel
Formato: eBook
Lenguaje:portugués
Publicado: San Pablo: Editora ContraCorrente, 2017
Materias:
Acceso en línea:Acceso restringido

MARC

LEADER 00000nam a22000007a 4500
005 20191011002752.0
007 cr|||| ||||
008 191011s2017 br |||||s|||| 00||0 por d
020 |a 978-85-69220-20-6 
035 |a 30528 
040 |a vLex 
090 |c 9796  |d 9796 
100 1 |a Gonzaga Belluzzo, Luiz 
245 1 0 |a Manda quem pode, obedece quem tem prejuz̕o  |h [Recurso electrn̤ico] /  |c Luiz Gonzaga Belluzzo, Gabriel Galp̕olo 
256 |a Servicio en ln̕ea 
260 |a San Pablo:  |b Editora ContraCorrente,  |c 2017 
300 |a 1 recurso electrn̤ico 
506 1 |a Disponible solo en los productos indicados  |d vLex Global  |d vLex Global (Academic Edition, excluding Law Schools)  |d vLex Global (U.S. Academic Edition, Law Schools)  |d vLex Global (U.S. Academic Edition, excluding Law Schools)  |d vLex Global (Academic Edition, Law Schools) 
650 0 4 |a Derecho Pb︢lico y Administrativo  |z Brasil 
700 1 |a Galp̕olo, Gabriel 
740 0 |a vLex Libros (Servicio en ln̕ea) 
856 4 0 |u http://vlex.com/source/manda-pode-obedece-tem-prejuizo-30528  |z Acceso restringido 
942 |c BOOK 
999 0 |a Public and Administrative Law